000 01675cam a22004694i 4500
003 PE-LiUPU
005 20250731173533.0
008 150616s r 000 0 d
020 _a0801038499
035 _a(Sirsi) i9780801038495
040 _aPE-LiUPU
_bspa
_cPE-LiUPU
_erda
049 _aPRUA
082 0 4 _a254.22
_bD22
_221
245 0 0 _aDiscipling the City.
264 1 _aGrand Rapids, Michigan :
_bBaker Book House,
_c1992.
300 _a302 páginas ;
_c22 centímetros
336 _atext
_2rdacontent
337 _aunmediated
_2rdamedia
338 _avolume
_2rdacarrier
504 _aIncluye bibliografía.
505 0 _aGenesis as urban prologue.- Confronting urban context with the gospel.- The role of women in discipling cities: a historical Perspective.- Research: matching goals and methods to advance the gospel.- Secularization and the city.
526 _aSEG42
526 _aSEG41
526 _aSEG40
526 _aSEG39
526 _aP94
526 _aP87
526 _aP86
526 _aP85
526 _aP77
526 _aP76
526 _aP35
650 0 4 _aIGLESIAS URBANAS.
700 1 _aGreenway, Roger S.,
_eeditor.
910 _ajck
_bjvq
_cjck
942 _2ddc
_cBOOK
949 _a254.22 D22
_wDEWEY
_c1
_i42345
_lCCODEBUL1
_mBUL
_r0
_sY
_tBOOK
_u2015-6-16
_xTEOLOGIA
_zUNKNOWN
_0COMPRA
_o.STAFF. Colección General
994 _aC0
_bPEPRU
596 _a1
999 _a254.22 D22
_wDEWEY
_c60177
_i42345
_d60177
_e2019-1-23
_f2021-11-10
_g5
_lCCODEBUL1
_mBUL
_n1
_q1
_r0
_sY
_tBOOK
_u2015-6-16
_xTEOLOGIA
_zUNKNOWN
_0COMPRA
_o.STAFF. Colección General
980 _81
_gALBERTO SANCHEZ Responsable de Automatización